| 000 | 00960nam a2200289Ia 4500 | ||
|---|---|---|---|
| 003 | OSt | ||
| 005 | 20221006155716.0 | ||
| 006 | a|||||r|||| 00| 0 | ||
| 007 | ta | ||
| 008 | 221006b |||||||| |||| 00| 0 eng d | ||
| 020 |
_a9780226412344 _c _30.00 |
||
| 024 | _a43,241 | ||
| 037 |
_b154/2012-13, 08/01/2013, Pioneer Book Distributor _cTextual |
||
| 040 |
_aEASL _cEASL _beng |
||
| 041 |
_2eng _aeng |
||
| 082 | _aQ842vN12, Q2 | ||
| 100 |
_aJosephson Jason Änanda _9670085 |
||
| 245 | 0 | _aInvention of religion in Japan | |
| 260 |
_aChicago _bUniversity of Chicago Press U.S.A. _c2012 |
||
| 300 |
_a402p. _ccm. |
||
| 650 | _a Japan - History - Meiji period | ||
| 650 |
_a Japan - Religion - History _9670086 |
||
| 650 |
_a Religion and state - Japan - History _9670087 |
||
| 650 | _aJEL | ||
| 942 |
_hQ842vN12, Q2 _cTEXL _2CC |
||
| 999 |
_c1111327 _d1111327 |
||